Teoretická elektrotechnika 3/2 Teória elektromagnetického poľa

Bibliographic Details
Main Author: Neveselý, Miloslav (Author)
Format: Book
Language:Slovak
PhysicalDescription:234 s., 21,60 AH, 22,11 VH Sch., tab., lit. 9 zázn. v češ. a slov. 29 cm
Published: Žilina Vysoká škola dopravy a spojov 1995
ISBN:8071002542
Edition:1. vyd.
Subjects:

MARC

LEADER 00000nam a2200000 a 4500
001 vtls001078714
003 SK-MaSNL
005 20260301000802.0
008 240318s1995 xo slo
015 |a SNBA1995/05 
020 |a 8071002542  |c (600 výt.) 
035 |a SNK000021549 
035 |a urn:nbn:sk:snk-amlms9 
035 |a urn:nbn:sk:snk-am00bydt 
035 |a DE9A2D49-CF1A-4F2E-926C-40516098521E 
040 |a SNK  |b slo  |c SNK  |e AACR2 
041 0 |a slo 
044 |a xo  |c SK 
080 |a 621.3.01(075.8)  |2 1981 
100 1 |a Neveselý, Miloslav  |4 aut  |9 277820 
245 1 0 |a Teoretická elektrotechnika 3/2  |b Teória elektromagnetického poľa  |c Miloslav Neveselý 
250 |a 1. vyd. 
260 |a Žilina  |b Vysoká škola dopravy a spojov  |c 1995  |e Žilina  |f Edičné stredisko VŠDS 
300 |a 234 s., 21,60 AH, 22,11 VH  |b Sch., tab., lit. 9 zázn. v češ. a slov.  |c 29 cm 
500 |a Schválil rektor VŠDS v Žiline 
650 0 7 |a elektrotechnika  |2 SNK  |9 3619 
650 0 7 |a elektromagnetické pole  |2 SNK  |9 3502 
650 0 7 |a teória  |2 SNK  |9 3883 
655 7 |a učebnice vysokých škôl  |2 SNKPH  |9 70191 
919 |a 80-7100-254-2 
999 |c 533503  |d 535433 
952 |t P60, <04>, [BOOK], {604}  |a SNK  |b SNK  |y VYP  |7 0  |p 17A0010929  |o snkSB 50646/3/2 D1  |0 0  |1 0  |4 0  |d 1996-09-27  |l 0  |r 2004-12-31 00:00:00  |w 2026-02-23 
952 |a SNK  |b SNK  |y PREZ  |7 0  |p 17A0804892  |o snkSB 50646/3/2  |0 0  |1 0  |4 0  |d 2012-07-16  |f 1  |l 0  |r 2026-02-23 12:15:25  |w 2026-02-23